Sports Quiz

Random Sports or Hockey Quiz
Score 0/8 Timer 05:00
0 Plays Today
University Player % Correct
Prince Edward IslandJoel Ward
79.5%
Western OntarioSteve Rucchin
56.8%
ManitobaMike Ridley
40.9%
AlbertaCory Cross
38.6%
AlbertaRandy Gregg
29.5%
ManitobaStu Grimson
22.7%
St. Francis XavierP.J. Stock
20.5%
AlbertaBrent Severyn
4.5%

You're not logged in!

Compare scores with friends on all Sporcle quizzes.
OR
Log In

Sporcle TV

Today on Sporcle TV


Watch our educational content, quiz creation guides, and fun videos on Sporcle TV.

Show Comments

Extras

Top Quizzes Today


Score Distribution

Paid Content

Your Account Isn't Verified!

In order to create a playlist on Sporcle, you need to verify the email address you used during registration. Go to your Sporcle Settings to finish the process.

Report this User

Report this user for behavior that violates our Community Guidelines.

Details: